000 00693nam a22002417a 4500
001 BR7331004
003 BR-BrBNA
005 20230928084358.0
007 ta
008 230509b bl.||||| |||| 00| 0 por d
040 _aBR-BrBNA
_bpor
_cBiblioteca Nacional de Agricultura
041 _a(Por)
072 _aF00
_b2140
_b/G514
090 _ 2140 BR7331004
100 1 _aCarneiro, D.A. de S.
245 1 _aO problema do mate brasileiro contribuicao para a sua solucao; sugestoes apresentadas ao Instituto do Mate]
260 3 _aCuritiba, PR (Brasil):
_c1928.
300 _a28 p.
650 _aMATE
650 _aANALISE ECONOMICA
909 _a202309
_bLucia
_c55
_dLucia Elande
942 _cBK
999 _c18555
_d18555